<?xml version="1.0" encoding="UTF-8"?><?xml-stylesheet type="text/xsl" href="static/style.xsl"?><OAI-PMH xmlns="http://www.openarchives.org/OAI/2.0/" xmlns:xsi="http://www.w3.org/2001/XMLSchema-instance" xsi:schemaLocation="http://www.openarchives.org/OAI/2.0/ http://www.openarchives.org/OAI/2.0/OAI-PMH.xsd"><responseDate>2026-04-14T08:44:22Z</responseDate><request verb="GetRecord" identifier="oai:www.recercat.cat:10230/68517" metadataPrefix="marc">https://recercat.cat/oai/request</request><GetRecord><record><header><identifier>oai:recercat.cat:10230/68517</identifier><datestamp>2025-12-24T08:40:10Z</datestamp><setSpec>com_2072_6</setSpec><setSpec>col_2072_452952</setSpec></header><metadata><record xmlns="http://www.loc.gov/MARC21/slim" xmlns:dcterms="http://purl.org/dc/terms/" xmlns:xsi="http://www.w3.org/2001/XMLSchema-instance" xmlns:doc="http://www.lyncode.com/xoai" xsi:schemaLocation="http://www.loc.gov/MARC21/slim http://www.loc.gov/standards/marcxml/schema/MARC21slim.xsd">
   <leader>00925njm 22002777a 4500</leader>
   <datafield ind2=" " ind1=" " tag="042">
      <subfield code="a">dc</subfield>
   </datafield>
   <datafield ind2=" " ind1=" " tag="720">
      <subfield code="a">Berger, Gonzalo</subfield>
      <subfield code="e">author</subfield>
   </datafield>
   <datafield ind2=" " ind1=" " tag="720">
      <subfield code="a">Oliva, Benet</subfield>
      <subfield code="e">author</subfield>
   </datafield>
   <datafield ind2=" " ind1=" " tag="720">
      <subfield code="a">Pons, Marc</subfield>
      <subfield code="e">author</subfield>
   </datafield>
   <datafield ind2=" " ind1=" " tag="260">
      <subfield code="c">2024-11-14T08:19:56Z</subfield>
   </datafield>
   <datafield ind2=" " ind1=" " tag="260">
      <subfield code="c">2024-11-14T08:19:56Z</subfield>
   </datafield>
   <datafield ind2=" " ind1=" " tag="260">
      <subfield code="c">2014</subfield>
   </datafield>
   <datafield ind2=" " ind1=" " tag="520">
      <subfield code="a">Aquest document recull els resultats de la intervenció arqueològica portada&#xd;
a terme a la finca situada al carrer del Carme 3, antic Mercat Municipal de Vilassar&#xd;
de Dalt, en el decurs de l’execució del projecte d’investigació i estudi de la història&#xd;
de la Societat Coral, Instructiva, de Mutu Auxili i Cooperativa l’Estrella.&#xd;
L’excavació ha estat promoguda per l’Ajuntament de Vilassar de Dalt a&#xd;
través del Museu Arxiu de Vilassar de Dalt i ha comptat amb la col·laboració dels&#xd;
membres del Grup de Recerca Històrica la Filferrada i la Secció d’Arqueologia&#xd;
del Museu Arxiu. La direcció arqueològica ha estat assumida per l’arqueòleg&#xd;
Gonzalo Berger Mulattieri i supervisada pel Servei d’Arqueologia de Catalunya,&#xd;
Conselleria de Cultura, Generalitat de Catalunya. Els treballs arqueològics i de&#xd;
documentació s’han desenvolupat entre el 13 de juliol i el 14 de setembre de 2013,&#xd;
i hi han participat Benet Oliva, Salvador Godàs, Marc Pons, Rubèn Martínez,&#xd;
Genís Viada, Enric Miralles, Albert Ciller, Laia Gallego, Joan Gordi, Paula Lloret,&#xd;
Enric Ortega, Xavier Soriano i Gonzalo Berger.</subfield>
   </datafield>
   <datafield tag="653" ind2=" " ind1=" ">
      <subfield code="a">Excavacions arqueològiques -- Catalunya -- Vilassar de Dalt</subfield>
   </datafield>
   <datafield ind2="0" ind1="0" tag="245">
      <subfield code="a">L&amp;apos;excavació de l&amp;apos;Estrella</subfield>
   </datafield>
</record></metadata></record></GetRecord></OAI-PMH>